MINERVA - Slovenská cesta k poznatkovej ekonomike

MINERVA prezentuje snahu Slovenska o naplnenie cieľov Lisabonskej agendy v oblasti konkurencieschopnosti krajín EÚ. Lisabonská agenda, Lisabonská stratégia, ciele. Správa Wima Koka - predbežné hodnotenie Lisabonského procesu. MINERVA - Slovenská cesta k poznatkovej ekonomike. MINERVA sa sústreďuje n...

Descripción completa

Guardado en:
Detalles Bibliográficos
Autor principal: Špavelko, Rastislav
Formato: Capítulo de libro
Lenguaje:eslovaco
Materias:
Etiquetas: Agregar Etiqueta
Sin Etiquetas, Sea el primero en etiquetar este registro!

MARC

LEADER 00000naa$a2200000$$$4500
001 0051997
005 20221207085434.8
041 0 |a slo 
044 |a SK 
245 1 0 |a MINERVA - Slovenská cesta k poznatkovej ekonomike  |c Rastislav Špavelko 
520 |a MINERVA prezentuje snahu Slovenska o naplnenie cieľov Lisabonskej agendy v oblasti konkurencieschopnosti krajín EÚ. Lisabonská agenda, Lisabonská stratégia, ciele. Správa Wima Koka - predbežné hodnotenie Lisabonského procesu. MINERVA - Slovenská cesta k poznatkovej ekonomike. MINERVA sa sústreďuje na štyri oblasti - informačná spoločnosť; inovácie, veda a výskum; investície do ľudí a vzdelávania; podnikateľské prostredie. 
610 2 0 |a ekonomika vedomostná 
610 2 0 |a konkurencieschopnosť 
610 2 0 |a rozvoj trvalo udržateľný 
610 2 0 |a spoločnosť informačná 
610 2 0 |a inovácia 
610 2 0 |a veda 
610 2 0 |a výskum 
610 2 0 |a vzdelávanie 
610 2 0 |a prostredie podnikateľské 
610 2 0 |a MINERVA 
100 1 |a Špavelko, Rastislav